000 00578nam a2200181 a 4500
001 000009545
005 20240412074212.0
008 090930s1989 dr 001 p spa d
040 _aDO-SdBNP
_bspa
_cBNPHU
082 _aRD861.44
_bB253h
100 1 _aBarinas Coiscou, Sócrates,
_d1916-2021
_924379
245 1 0 _aHolocausto :
_by poemas de las últimas espigas /
_cSócrates Barinas Coiscou.
260 _aSanto Domingo :
_bImpresos de Calidad,
_c1989.
300 _a127 p. ;
_c21 cm.
650 0 _aPoesía dominicana
_966
650 0 _aLiteratura dominicana.
_967
049 _aBNPD
999 _c9305
_d9305